Worst ever Premier League managers - Statistics

General Stats
  • This quiz has been taken 22 times
  • The average score is 12 of 32
Answer Stats
Picture Answer % Correct
Frank Lampard
100%
Ole Gunnar Solskjaer
94%
Luiz Felipe Scolari
75%
Scott Parker
69%
Tony Adams
69%
Daniel Farke
63%
Graeme Souness
63%
Alan Pardew
56%
Paolo Di Canio
56%
Frank De Boer
50%
Felix Magath
38%
Juande Ramos
38%
Nathan Jones
38%
Bob Bradley
31%
Iain Dowie
31%
Paul Heckingbottom
31%
Paul Jewell
31%
Steven Kean
31%
Billy Davies
25%
Jan Siewert
25%
Rene Meulensteen
25%
Dave Bassett
19%
Pepe Mel
19%
Slavisa Jokanovic
19%
Brian Laws
13%
Chris Hutchings
13%
Egil Olsen
13%
Remi Garde
13%
Terry Connor
13%
Jacques Santini
6%
Les Reed
6%
Steve Wigley
6%
No matching quizzes found
Score Distribution
Percent of People with Each Score
Percentile by Number Answered
Your Score History
You have not taken this quiz